000 00343nam a2200133Ia 4500
008 100328s9999 xx 000 0 und d
082 _b67534
100 _aदेसाई माधवी.
245 _aदेवराई.
260 _bदिलीप.
630 _aदेवराई.
730 _aदेवराई.
942 _cBOOK
999 _c553273
_d553270